[Event "1st Sergiy Shystarev Memorial 2020"]
[Site "Kyiv"]
[Date "2020.08.27"]
[Round "4.1"]
[White "Vysochin, Spartak"]
[Black "Roshka, Yevgeniy"]
[Result "1/2-1/2"]
[WhiteElo "2501"]
[BlackElo "2455"]
[Annotator "ChessBase"]
[PlyCount "32"]
[EventDate "2020.08.25"]
[EventCountry "UKR"]
[SourceTitle "playchess.com"]
[Source "ChessBase"]
[SourceQuality "1"]
[TimeControl "5400+30"]

1. e4 {[%emt 0:00:00]} c5 {[%emt 0:05:39]} 2. c3 {[%emt 0:00:00]} Nf6 {[%emt 0:00:02]} 3. e5 {[%emt 0:00:03]} Nd5 {[%emt 0:00:01]} 4. d4 {[%emt 0:00:45]} cxd4 {[%emt 0:00:01]} 5. cxd4 {[%emt 0:00:06]} d6 {[%emt 0:00:28]} 6. Nf3 {[%emt 0:00:08]} Nc6 {[%emt 0:00:01]} 7. Bc4 {[%emt 0:00:10]} dxe5 {[%emt 0:00:04]} 8. dxe5 {[%emt 0:00:06]} Nb6 {[%emt 0:00:03]} 9. Qxd8+ {[%emt 0:00:29]} Nxd8 {[%emt 0:00:03]} 10. Bb5+ {[%emt 0:00:11]} Bd7 {[%emt 0:00:05]} 11. Nc3 {[%emt 0:00:16]} e6 {[%emt 0:01:05]} 12. Ke2 {[%emt 0:07:11]} a6 {[%emt 0:11:57]} 13. Bxd7+ {[%emt 0:03:32]} Nxd7 {[%emt 0:02:57]} 14. Rd1 {[%emt 0:01:12]} h6 {[%emt 0:00:53]} 15. h4 {[%emt 0:02:02]} Nc6 {[%emt 0:01:59]} 16. Bf4 {[%emt 0:00:07]} Be7 1/2-1/2

[Event "1st Sergiy Shystarev Memorial 2020"]
[Site "Kyiv"]
[Date "2020.08.27"]
[Round "4.2"]
[White "Budnikov, Oleg"]
[Black "Solodovnichenko, Yuri"]
[Result "1/2-1/2"]
[WhiteElo "2397"]
[BlackElo "2553"]
[Annotator "ChessBase"]
[PlyCount "22"]
[EventDate "2020.08.25"]
[EventCountry "UKR"]
[SourceTitle "playchess.com"]
[Source "ChessBase"]
[SourceQuality "1"]
[TimeControl "5400+30"]

1. e4 {[%emt 0:06:08]} e5 {[%emt 0:00:32]} 2. Nf3 {[%emt 0:02:44]} Nf6 {[%emt 0:00:14]} 3. Nxe5 {[%emt 0:00:53]} d6 {[%emt 0:00:06]} 4. Nf3 {[%emt 0:00:08]} Nxe4 {[%emt 0:00:06]} 5. Qe2 {[%emt 0:00:11]} Qe7 {[%emt 0:00:08]} 6. d3 {[%emt 0:00:09]} Nf6 {[%emt 0:00:06]} 7. Bg5 {[%emt 0:00:33]} Qxe2+ {[%emt 0:00:20]} 8. Bxe2 {[%emt 0:00:05]} Nbd7 {[%emt 0:00:21]} 9. Nc3 {[%emt 0:00:12]} h6 10. Bf4 {[%emt 0:00:21]} Nb6 {[%emt 0:05:46]} 11. O-O-O {[%emt 0:00:43]} Bd7 {[%emt 0:01:54]} 1/2-1/2

[Event "1st Sergiy Shystarev Memorial 2020"]
[Site "Kyiv"]
[Date "2020.08.27"]
[Round "4.3"]
[White "Kruglyakov, Pavlo"]
[Black "Malakhatko, Vadim"]
[Result "1/2-1/2"]
[WhiteElo "2357"]
[BlackElo "2488"]
[Annotator "TA"]
[PlyCount "23"]
[EventDate "2020.08.25"]
[EventCountry "UKR"]
[SourceTitle "playchess.com"]
[Source "ChessBase"]
[SourceQuality "1"]

{[%evp 9,23,6,8,3,13,-20,42,38,37,40,29,23,41,24,24,21]} 1. e4 c5 2. c3 Nf6 3. e5 Nd5 4. Bc4 Nb6 5. Bb3 d5 6. exd6 {B22: Sicilian: 2 c3.} Qxd6 7. Na3 {[#]} Qe5+ $146 ({Black should play} 7... Bf5 $11) ({Predecessor:} 7... Nc6 8. Nf3 Be6 9. d4 Bxb3 10. Qxb3 cxd4 11. Nb5 Qd7 12. Bf4 Na5 13. Qb4 Nc6 14. Qb3 Na5 15. Qb4 Nc6 {½-½ (15) Roberson,P (2435)-Parligras,M (2600) Daventry 2020}) 8. Ne2 $14 {White is slightly better.} Bg4 9. f3 Bd7 10. d4 cxd4 11. cxd4 Qf6 12. Nc3 {White took control after the opening.} 1/2-1/2

[Event "1st Sergiy Shystarev Memorial 2020"]
[Site "Kyiv"]
[Date "2020.08.27"]
[Round "4.5"]
[White "Malovanyi, Yulian"]
[Black "Skliarov, Viktor"]
[Result "1/2-1/2"]
[WhiteElo "2311"]
[BlackElo "2376"]
[Annotator "ChessBase"]
[PlyCount "35"]
[EventDate "2020.08.25"]
[EventCountry "UKR"]
[SourceTitle "playchess.com"]
[Source "ChessBase"]
[SourceQuality "1"]
[TimeControl "5400+30"]

1. e4 {[%emt 0:06:37]} c5 {[%emt 0:00:00]} 2. Nf3 {[%emt 0:00:37]} Nc6 {[%emt 0:00:00]} 3. c3 {[%emt 0:01:03]} Nf6 {[%emt 0:00:37]} 4. e5 {[%emt 0:01:25]} Nd5 {[%emt 0:00:08]} 5. g3 {[%emt 0:03:11]} e6 {[%emt 0:05:51]} 6. Bg2 {[%emt 0:00:28]} Be7 {[%emt 0:00:09]} 7. O-O {[%emt 0:02:23]} O-O {[%emt 0:00:36]} 8. Re1 {[%emt 0:21:33]} f6 {[%emt 0:04:32]} 9. d4 {[%emt 0:02:31]} cxd4 {[%emt 0:02:16]} 10. cxd4 d6 {[%emt 0:07:38]} 11. exd6 {[%emt 0:06:11]} Bxd6 {[%emt 0:00:15]} 12. Nc3 {[%emt 0:01:10]} Nce7 {[%emt 0:16:08]} 13. Bh3 {[%emt 0:03:38]} Nc7 {[%emt 0:00:55]} 14. Qb3 {[%emt 0:04:14]} Kh8 {[%emt 0:05:50]} 15. Bd2 {[%emt 0:05:22]} b6 {[%emt 0:03:54]} 16. Ne4 {[%emt 0:05:04]} Ned5 {[%emt 0:00:17]} 17. Rac1 {[%emt 0:08:29]} Bb7 {[%emt 0:08:53]} 18. Rc2 1/2-1/2

[Event "1st Sergiy Shystarev Memorial 2020"]
[Site "Kyiv"]
[Date "2020.08.27"]
[Round "4.6"]
[White "Sivuk, Vitaly"]
[Black "Biletskiy, Danylo"]
[Result "1/2-1/2"]
[WhiteElo "2545"]
[BlackElo "2252"]
[Annotator "ChessBase"]
[PlyCount "34"]
[EventDate "2020.08.25"]
[EventCountry "UKR"]
[SourceTitle "playchess.com"]
[Source "ChessBase"]
[SourceQuality "1"]
[TimeControl "5400+30"]

1. d4 {[%emt 0:00:00]} Nf6 {[%emt 0:00:00]} 2. c4 {[%emt 0:00:00]} c5 {[%emt 0:00:00]} 3. d5 {[%emt 0:00:00]} b5 {[%emt 0:00:00]} 4. cxb5 {[%emt 0:00:06]} a6 {[%emt 0:00:00]} 5. bxa6 {[%emt 0:00:11]} g6 {[%emt 0:00:00]} 6. Nc3 {[%emt 0:00:09]} Bg7 7. e4 {[%emt 0:00:50]} O-O {[%emt 0:00:26]} 8. Be2 {[%emt 0:01:07]} Qa5 {[%emt 0:03:15]} 9. Bd2 {[%emt 0:02:13]} Bxa6 {[%emt 0:00:17]} 10. e5 {[%emt 0:00:30]} Ne8 {[%emt 0:00:30]} 11. Nf3 {[%emt 0:00:30]} d6 {[%emt 0:00:30]} 12. e6 {[%emt 0:00:30]} fxe6 {[%emt 0:00:30]} 13. Ng5 {[%emt 0:00:30]} e5 {[%emt 0:00:30]} 14. h4 {[%emt 0:00:30]} Bxe2 {[%emt 0:00:30]} 15. Qxe2 {[%emt 0:00:30]} Nf6 {[%emt 0:00:30]} 16. h5 Ne8 {[%emt 0:11:30]} 17. h6 {[%emt 0:11:47]} Nf6 {[%emt 0:02:34]} 1/2-1/2

[Event "1st Sergiy Shystarev Memorial 2020"]
[Site "Kyiv"]
[Date "2020.08.27"]
[Round "4.6"]
[White "Sivuk, Vitaly"]
[Black "Biletskiy, Danylo"]
[Result "1-0"]
[WhiteElo "2545"]
[BlackElo "2252"]
[Annotator "ChessBase"]
[PlyCount "47"]
[EventDate "2020.08.25"]
[EventCountry "UKR"]
[SourceTitle "playchess.com"]
[Source "ChessBase"]
[SourceQuality "1"]
[TimeControl "5400+30"]

1. d4 {[%emt 0:00:00]} Nf6 {[%emt 0:00:00]} 2. c4 {[%emt 0:00:00]} c5 {[%emt 0:00:00]} 3. d5 {[%emt 0:00:00]} b5 {[%emt 0:00:00]} 4. cxb5 {[%emt 0:00:06]} a6 {[%emt 0:00:00]} 5. bxa6 {[%emt 0:00:11]} g6 {[%emt 0:00:00]} 6. Nc3 {[%emt 0:00:09]} Bg7 7. e4 {[%emt 0:00:50]} O-O {[%emt 0:00:26]} 8. Be2 {[%emt 0:01:07]} Qa5 {[%emt 0:03:15]} 9. Bd2 {[%emt 0:02:13]} Bxa6 {[%emt 0:00:17]} 10. e5 {[%emt 0:00:30]} Ne8 {[%emt 0:00:30]} 11. Nf3 {[%emt 0:00:30]} d6 {[%emt 0:00:30]} 12. e6 {[%emt 0:00:30]} fxe6 {[%emt 0:00:30]} 13. Ng5 {[%emt 0:00:30]} e5 {[%emt 0:00:30]} 14. h4 {[%emt 0:00:30]} Bxe2 {[%emt 0:00:30]} 15. Qxe2 {[%emt 0:00:30]} Nf6 {[%emt 0:00:30]} 16. h5 Qa6 {[%emt 0:11:27]} 17. Nb5 {[%emt 0:11:47]} Qa4 {[%emt 0:00:30]} 18. hxg6 {[%emt 0:00:30]} hxg6 {[%emt 0:00:30]} 19. Nc7 {[%emt 0:00:30]} Ra7 {[%emt 0:00:30]} 20. Nce6 {[%emt 0:00:30]} Qg4 {[%emt 0:00:30]} 21. Qxg4 {[%emt 0:00:30]} Nxg4 {[%emt 0:00:30]} 22. Nxg7 {[%emt 0:00:30]} Rxf2 {[%emt 0:00:30]} 23. N7e6 {[%emt 0:00:30]} Nd7 {[%emt 0:00:30]} 24. Rh7 {[%emt 0:00:30]} 1-0

[Event "1st Sergiy Shystarev Memorial 2020"]
[Site "Kyiv"]
[Date "2020.08.28"]
[Round "5.1"]
[White "Kislinsky, Alexey"]
[Black "Vysochin, Spartak"]
[Result "1/2-1/2"]
[WhiteElo "2452"]
[BlackElo "2501"]
[Annotator "ChessBase"]
[PlyCount "21"]
[EventDate "2020.08.25"]
[EventCountry "UKR"]
[SourceTitle "playchess.com"]
[Source "ChessBase"]
[SourceQuality "1"]
[TimeControl "5400+30"]

1. d4 {[%emt 0:18:15]} d5 {[%emt 0:00:00]} 2. c4 {[%emt 0:00:07]} c6 {[%emt 0:00:00]} 3. cxd5 {[%emt 0:00:07]} cxd5 {[%emt 0:00:00]} 4. Nc3 {[%emt 0:00:06]} Nf6 {[%emt 0:00:00]} 5. Bf4 {[%emt 0:00:08]} Nc6 {[%emt 0:00:02]} 6. e3 {[%emt 0:00:07]} Bg4 {[%emt 0:00:23]} 7. Be2 {[%emt 0:00:23]} Bxe2 8. Ngxe2 {[%emt 0:00:15]} e6 {[%emt 0:00:11]} 9. O-O {[%emt 0:00:12]} Bd6 {[%emt 0:00:08]} 10. Rc1 {[%emt 0:00:16]} O-O {[%emt 0:00:07]} 11. Bxd6 {[%emt 0:00:09]} 1/2-1/2

[Event "1st Sergiy Shystarev Memorial 2020"]
[Site "Kyiv"]
[Date "2020.08.28"]
[Round "5.2"]
[White "Roshka, Yevgeniy"]
[Black "Budnikov, Oleg"]
[Result "1/2-1/2"]
[WhiteElo "2455"]
[BlackElo "2397"]
[Annotator "ChessBase"]
[PlyCount "38"]
[EventDate "2020.08.25"]
[EventCountry "UKR"]
[SourceTitle "playchess.com"]
[Source "ChessBase"]
[SourceQuality "1"]
[TimeControl "5400+30"]

1. d4 {[%emt 0:07:11]} Nf6 {[%emt 0:04:45]} 2. c4 {[%emt 0:02:31]} g6 {[%emt 0:01:56]} 3. Nc3 {[%emt 0:00:02]} d5 {[%emt 0:00:27]} 4. Nf3 {[%emt 0:02:29]} Bg7 {[%emt 0:00:37]} 5. g3 {[%emt 0:01:47]} O-O {[%emt 0:01:27]} 6. Bg2 {[%emt 0:00:09]} dxc4 {[%emt 0:03:11]} 7. O-O {[%emt 0:00:14]} Nc6 {[%emt 0:01:18]} 8. e4 {[%emt 0:07:19]} Bg4 {[%emt 0:01:37]} 9. Be3 {[%emt 0:00:45]} Nd7 {[%emt 0:02:59]} 10. e5 {[%emt 0:11:18]} Nb6 {[%emt 0:09:02]} 11. Ne4 {[%emt 0:12:05]} Qc8 {[%emt 0:05:54]} 12. Nc5 {[%emt 0:04:20]} Rd8 {[%emt 0:01:10]} 13. Qc2 {[%emt 0:01:25]} Rb8 {[%emt 0:02:31]} 14. Qc3 {[%emt 0:09:24]} f6 {[%emt 0:03:17]} 15. exf6 {[%emt 0:02:44]} exf6 {[%emt 0:01:06]} 16. Rfe1 {[%emt 0:03:30]} Ne7 {[%emt 0:03:11]} 17. Nd2 {[%emt 0:03:51]} Ned5 {[%emt 0:05:10]} 18. Qc1 {[%emt 0:01:36]} Bh3 {[%emt 0:04:47]} 19. Bf3 {[%emt 0:01:05]} Bg4 1/2-1/2

[Event "1st Sergiy Shystarev Memorial 2020"]
[Site "Kyiv"]
[Date "2020.08.28"]
[Round "5.3"]
[White "Solodovnichenko, Yuri"]
[Black "Sergeev, Vladimir"]
[Result "1-0"]
[WhiteElo "2553"]
[BlackElo "2423"]
[Annotator "ChessBase"]
[PlyCount "76"]
[EventDate "2020.08.25"]
[EventCountry "UKR"]
[SourceTitle "playchess.com"]
[Source "ChessBase"]
[SourceQuality "1"]
[TimeControl "5400+30"]

1. e4 {[%emt 0:01:24]} Nf6 {[%emt 0:00:00]} 2. e5 {[%emt 0:00:06]} Nd5 {[%emt 0:00:00]} 3. d4 {[%emt 0:00:04]} c6 {[%emt 0:00:00]} 4. Nf3 {[%emt 0:01:41]} d6 {[%emt 0:00:00]} 5. Be2 {[%emt 0:01:40]} Bg4 {[%emt 0:00:13]} 6. c4 {[%emt 0:00:27]} Nb6 {[%emt 0:00:42]} 7. Nbd2 {[%emt 0:00:43]} dxe5 {[%emt 0:00:13]} 8. Nxe5 {[%emt 0:00:08]} Bxe2 9. Qxe2 {[%emt 0:00:07]} e6 {[%emt 0:00:40]} 10. Qf3 {[%emt 0:06:16]} Qf6 {[%emt 0:10:56]} 11. Qb3 {[%emt 0:00:58]} Qe7 {[%emt 0:02:10]} 12. c5 {[%emt 0:03:15]} Nd5 {[%emt 0:04:05]} 13. Ne4 {[%emt 0:02:58]} Qc7 {[%emt 0:00:31]} 14. Qf3 {[%emt 0:07:08]} f5 {[%emt 1:01:45]} 15. Ng5 {[%emt 0:04:04]} Bxc5 {[%emt 0:00:18]} 16. Nxe6 {[%emt 0:04:21]} Bb4+ {[%emt 0:01:19]} 17. Kf1 {[%emt 0:00:25]} Qe7 {[%emt 0:00:33]} 18. Qh5+ {[%emt 0:07:01]} g6 {[%emt 0:00:08]} 19. Nxg6 {[%emt 0:00:17]} hxg6 {[%emt 0:04:54]} 20. Qxh8+ {[%emt 0:00:06]} Kd7 {[%emt 0:00:01]} 21. Bg5 {[%emt 0:00:16]} Qe8 {[%emt 0:02:59]} 22. Qxe8+ Kxe8 {[%emt 0:00:04]} 23. a3 {[%emt 0:02:44]} Bd6 {[%emt 0:01:04]} 24. Re1 {[%emt 0:01:19]} Kd7 {[%emt 0:00:16]} 25. h4 {[%emt 0:00:56]} Na6 {[%emt 0:01:49]} 26. h5 {[%emt 0:00:08]} Rh8 {[%emt 0:00:18]} 27. h6 {[%emt 0:00:23]} Nac7 {[%emt 0:00:03]} 28. Nd8 {[%emt 0:00:33]} Rh7 {[%emt 0:02:00]} 29. Nxb7 {[%emt 0:03:57]} Ne6 {[%emt 0:00:04]} 30. Nxd6 {[%emt 0:00:36]} Kxd6 {[%emt 0:00:14]} 31. Bd2 {[%emt 0:00:21]} f4 {[%emt 0:00:55]} 32. Bc3 {[%emt 0:02:00]} Ng7 {[%emt 0:01:27]} 33. hxg7 {[%emt 0:02:12]} Rxh1+ {[%emt 0:00:02]} 34. Ke2 {[%emt 0:00:06]} Rxe1+ {[%emt 0:00:10]} 35. Kxe1 {[%emt 0:00:09]} Nf6 {[%emt 0:00:07]} 36. d5 {[%emt 0:00:04]} Ng8 {[%emt 0:00:04]} 37. dxc6 {[%emt 0:00:04]} Kxc6 {[%emt 0:00:04]} 38. Ke2 {[%emt 0:00:04]} Kd5 1-0

[Event "1st Sergiy Shystarev Memorial 2020"]
[Site "Kyiv"]
[Date "2020.08.28"]
[Round "5.4"]
[White "Skliarov, Viktor"]
[Black "Sivuk, Vitaly"]
[Result "1/2-1/2"]
[WhiteElo "2376"]
[BlackElo "2545"]
[Annotator "TA"]
[PlyCount "115"]
[EventDate "2020.08.25"]
[EventCountry "UKR"]
[SourceTitle "playchess.com"]
[Source "ChessBase"]
[SourceQuality "1"]

{[%evp 15,115,26,45,39,35,14,25,4,22,10,44,0,22,0,0,-34,-12,-46,0,-15,-3,0,12,6,28,0,22,22,27,-83,-83,-83,-83,-83,-68,-68,-68,-68,-68,-77,-68,-68,-68,-77,-49,-52,0,-81,-45,-77,-77,-77,-57,-74,-74,-77,-77,-83,-81,-84,-84,-102,-102,-102,-102,-102,-102,-102,-98,-102,-85,-99,-68,-68,-68,-68,-68,-68,-56,-100,-100,-100,-104,-104,0,-56,-56,-56,-42,-42,-42,-42,-42,-42,-42,-42,0,0,0,0,0,0]} 1. e4 c5 2. Nf3 e6 3. d4 cxd4 4. Nxd4 a6 5. Nc3 b5 6. Bd3 Bb7 7. O-O Nc6 8. Nxc6 Bxc6 9. Re1 $1 {The main line 9.Re1 scores better than 9.Qe2. B43: Sicilian: Kan Variation: 5 Nc3.} Bc5 10. Be3 Bxe3 11. Rxe3 {White has an edge.} Ne7 12. Qh5 Ng6 13. a4 {[%cal Ra4b5] [#]} bxa4 $146 ({Predecessor:} 13... O-O 14. Qc5 Qb8 15. axb5 axb5 16. Rxa8 Qxa8 17. Re1 Rb8 18. Qb4 {½-½ (18) Delgado Ramirez,N (2610)-Di Berardino,D (2508) Sao Paulo 2019}) 14. Nxa4 O-O 15. Nc5 Qb6 16. b3 ({Of course not} 16. Rxa6 Rxa6 17. Nxa6 Ra8 $17) 16... a5 (16... f5 $5 {[%cal Rb6c5]} 17. Na4 Qd4 $11) 17. Na4 Qd4 18. Qd1 Nf4 19. Bf1 Qb4 20. Qe1 Rfc8 21. Nb2 d5 {[%cal Rd5e4]} 22. Nd3 (22. g3 $11 d4 23. Qxb4 axb4 24. Ree1) 22... Nxd3 $17 23. Bxd3 dxe4 24. Bxe4 Qxe1+ 25. Rexe1 Bxe4 {[%mdl 64] [#] Discovered Attack} 26. Rxe4 Rxc2 {[%mdl 4096] Endgame KRR-KRR} 27. g3 h6 28. h4 Rb2 29. Rea4 Rc8 30. Rc4 Ra8 ({Better is} 30... Rxc4 $15 31. bxc4 Rc2) 31. Ra3 (31. Rca4 $1 $11 {remains equal.}) 31... Kh7 32. b4 a4 {Strongly threatening ...Rb3.} 33. b5 Rd8 34. Rcxa4 Rxb5 35. Rf3 Rd7 36. Ra8 g6 37. Rf8 Kg7 38. Re8 Rb4 39. Kg2 g5 40. hxg5 hxg5 41. Ra8 Rb1 42. Rfa3 Rdd1 {Threatens to win with ...g4.} 43. Kf3 Kg6 44. Rg8+ Kf6 45. Kg2 Rg1+ 46. Kh2 e5 47. Rf3+ {[#]} Ke6 $1 {( -> ...Rh1+)} 48. Rb3 Rh1+ 49. Kg2 Rbg1+ 50. Kf3 Kf5 $1 51. Rb4 f6 52. g4+ Ke6 53. Re8+ Kf7 54. Reb8 Rh3+ 55. Ke2 Rc3 56. R4b7+ {The position is equal.} Ke6 57. Rb6+ Kf7 58. R6b7+ $1 {Accuracy: White = 80%, Black = 83%.} 1/2-1/2

[Event "1st Sergiy Shystarev Memorial 2020"]
[Site "Kyiv"]
[Date "2020.08.28"]
[Round "5.5"]
[White "Matviishen, Viktor"]
[Black "Kruglyakov, Pavlo"]
[Result "1-0"]
[WhiteElo "2505"]
[BlackElo "2357"]
[Annotator "ChessBase"]
[PlyCount "81"]
[EventDate "2020.08.25"]
[EventCountry "UKR"]
[SourceTitle "playchess.com"]
[Source "ChessBase"]
[SourceQuality "1"]
[TimeControl "5400+30"]

1. d4 {[%emt 0:00:00]} Nf6 {[%emt 0:00:00]} 2. c4 {[%emt 0:00:00]} g6 {[%emt 0:00:00]} 3. Nc3 {[%emt 0:00:00]} d5 {[%emt 0:00:00]} 4. Bf4 {[%emt 0:00:48]} Bg7 {[%emt 0:00:00]} 5. e3 {[%emt 0:00:09]} O-O {[%emt 0:02:07]} 6. Qb3 {[%emt 0:00:09]} c6 {[%emt 0:15:39]} 7. Nf3 {[%emt 0:00:11]} Qb6 {[%emt 0:05:31]} 8. h3 {[%emt 0:06:07]} Na6 {[%emt 0:14:06]} 9. c5 {[%emt 0:00:11]} Qa5 {[%emt 0:00:47]} 10. a3 {[%emt 0:08:20]} Nd7 {[%emt 0:09:41]} 11. Qa4 {[%emt 0:08:10]} Qxa4 {[%emt 0:04:18]} 12. Nxa4 {[%emt 0:00:39]} f6 {[%emt 0:07:11]} 13. Bh2 {[%emt 0:00:31]} e5 {[%emt 0:00:39]} 14. b4 {[%emt 0:01:49]} Nc7 {[%emt 0:05:17]} 15. Nc3 {[%emt 0:00:07]} a6 {[%emt 0:00:52]} 16. a4 {[%emt 0:07:42]} Ne6 {[%emt 0:00:48]} 17. O-O-O {[%emt 0:13:58]} e4 {[%emt 0:14:08]} 18. Nd2 {[%emt 0:03:52]} f5 {[%emt 0:00:01]} 19. Bd6 {[%emt 0:00:22]} Rf7 {[%emt 0:04:03]} 20. Nb3 {[%emt 0:00:18]} f4 {[%emt 0:00:28]} 21. Be2 {[%emt 0:01:20]} h5 {[%emt 0:02:14]} 22. g3 {[%emt 0:05:51]} f3 {[%emt 0:04:52]} 23. Bf1 {[%emt 0:00:01]} g5 {[%emt 0:00:11]} 24. Kb2 {[%emt 0:08:47]} Bf6 {[%emt 0:01:22]} 25. Nxe4 {[%emt 0:06:25]} dxe4 {[%emt 0:00:35]} 26. Bc4 {[%emt 0:00:01]} Ndf8 {[%emt 0:02:17]} 27. Nd2 {[%emt 0:00:12]} Bd7 {[%emt 0:02:47]} 28. Nxe4 {[%emt 0:00:06]} Re8 {[%emt 0:01:27]} 29. h4 {[%emt 0:13:16]} g4 {[%emt 0:00:57]} 30. Nxf6+ {[%emt 0:00:09]} Rxf6 {[%emt 0:00:01]} 31. d5 {[%emt 0:00:06]} cxd5 {[%emt 0:00:11]} 32. Rxd5 {[%emt 0:00:01]} Bxa4 {[%emt 0:02:06]} 33. Rxh5 {[%emt 0:00:14]} Kf7 {[%emt 0:00:41]} 34. Rg5 {[%emt 0:07:50]} Bb5 {[%emt 0:00:01]} 35. Ba2 {[%emt 0:04:53]} Bd3 {[%emt 0:01:08]} 36. Rxg4 {[%emt 0:00:22]} Bf5 {[%emt 0:00:43]} 37. Rg5 {[%emt 0:00:53]} Nh7 {[%emt 0:00:19]} 38. g4 {[%emt 0:00:01]} Bd3 {[%emt 0:00:57]} 39. Rd5 {[%emt 0:00:20]} Bg6 {[%emt 0:00:26]} 40. h5 {[%emt 0:00:29]} Be4 {[%emt 0:00:34]} 41. Re5 {[%emt 0:00:01]} 1-0

[Event "1st Sergiy Shystarev Memorial 2020"]
[Site "Kyiv"]
[Date "2020.08.28"]
[Round "5.6"]
[White "Malakhatko, Vadim"]
[Black "Malovanyi, Yulian"]
[Result "1-0"]
[WhiteElo "2488"]
[BlackElo "2311"]
[Annotator "TA"]
[PlyCount "63"]
[EventDate "2020.08.25"]
[EventCountry "UKR"]
[SourceTitle "playchess.com"]
[Source "ChessBase"]
[SourceQuality "1"]

{[%evp 21,63,37,58,39,58,30,63,62,55,40,49,48,46,8,7,3,7,0,0,0,68,62,72,51,38,16,62,64,76,62,109,100,129,122,143,131,137,136,770,799,798,767,770,752]} 1. d4 Nf6 2. c4 g6 3. Nc3 Bg7 4. e4 d6 5. Nf3 O-O 6. Be2 e5 7. O-O Nc6 8. d5 Ne7 9. b4 Nh5 10. Re1 a5 11. bxa5 f5 12. Nd2 {E97: King's Indian: Classical Main Line (6...e5 7 0-0 Nc6): 8 Be3 and 8 d5 Ne7, not 9 Ne1.} Nf6 13. c5 Rxa5 14. cxd6 {White is slightly better.} cxd6 15. a4 Bh6 16. Bb5 {[#]} Ra8 $146 ({Predecessor:} 16... Bxd2 17. Bxd2 Ra8 18. f3 f4 19. Rb1 g5 20. Be2 Kh8 21. Kh1 Rg8 22. Nb5 g4 {1-0 (33) Sesko,M (2235)-Lanin,B (2105) ICCF email 2012}) 17. Ra2 (17. Qb3 {seems wilder.} Bd7 18. Bd3 Rc8 19. Nc4 Bxc1 20. Raxc1 fxe4 21. Bxe4 Be8 22. Qb4) 17... fxe4 18. Ndxe4 Nxe4 19. Nxe4 Bxc1 20. Qxc1 Nf5 ({Wrong is} 20... Nxd5 $2 21. Bc4 $18) (20... Bf5 $1 $11) 21. Qa3 $1 $14 Bd7 22. Bxd7 Qxd7 23. Qb4 Kh8 24. Rb1 Rfc8 25. h3 Rc7 26. a5 Ra6 27. Rab2 Nd4 28. Qd2 Qf7 29. Qg5 {Black must now prevent Qd8+.} Rxa5 $2 {[%mdl 8192]} (29... Kg7 $16) 30. Qd8+ $18 {[%mdl 64] [#] Double Attack. White is clearly winning.} Kg7 31. Nxd6 {[%mdl 64] Double Attack} Rxd5 32. Qxc7 {Accuracy: White = 87%, Black = 61%.} 1-0

[Event "1st Sergiy Shystarev Memorial 2020"]
[Site "Kyiv"]
[Date "2020.08.29"]
[Round "6.2"]
[White "Roshka, Yevgeniy"]
[Black "Matviishen, Viktor"]
[Result "*"]
[WhiteElo "2455"]
[BlackElo "2505"]
[Annotator "TA"]
[PlyCount "35"]
[EventDate "2020.08.23"]
[EventCountry "UKR"]
[SourceTitle "playchess.com"]
[Source "ChessBase"]
[SourceQuality "1"]

{[%evp 21,35,32,35,-19,41,38,47,15,29,19,21,22,22,22,17,13]} 1. d4 d5 2. c4 c6 3. Nf3 Nf6 4. Nc3 e6 5. cxd5 exd5 6. Bg5 Nbd7 7. e3 Be7 8. Qc2 O-O 9. Bd3 Re8 10. O-O h6 11. Bf4 Nf8 12. Ne5 {D36: Queen's Gambit Declined: Exchange Variation: Main line (5 Bg5 c6 6 Qc2).} (12. h3 $14) 12... Be6 (12... Nh5 $11) 13. h3 $14 {[#]} Rc8 $146 ({Predecessor:} 13... N6d7 14. Nf3 Nb6 15. Bh2 Bd6 16. Ne5 Nbd7 17. f4 f6 18. Nf3 Bf7 19. Rae1 a6 20. g4 Qc7 21. h4 Re7 22. Qg2 Rae8 23. Nd1 Bg6 {½-½ (23) Fedorovsky,M (2451)-Buhmann,R (2612) Germany 2015}) 14. Na4 {White is slightly better.} N8d7 15. Nf3 c5 {The position is equal.} 16. dxc5 Nxc5 17. Nxc5 Bxc5 18. Qa4 *

[Event "1st Sergiy Shystarev Memorial 2020"]
[Site "Kyiv"]
[Date "2020.08.29"]
[Round "6.3"]
[White "Budnikov, Oleg"]
[Black "Malakhatko, Vadim"]
[Result "1/2-1/2"]
[WhiteElo "2397"]
[BlackElo "2488"]
[Annotator "ChessBase"]
[PlyCount "30"]
[EventDate "2020.08.23"]
[EventCountry "UKR"]
[SourceTitle "playchess.com"]
[Source "ChessBase"]
[SourceQuality "1"]
[TimeControl "5400+30"]

1. e4 {[%emt 0:09:37]} e6 {[%emt 0:00:00]} 2. d4 {[%emt 0:00:07]} d5 {[%emt 0:00:00]} 3. exd5 {[%emt 0:00:06]} exd5 {[%emt 0:00:00]} 4. Nf3 {[%emt 0:00:07]} Nf6 {[%emt 0:00:00]} 5. Bd3 {[%emt 0:00:08]} Bg4 {[%emt 0:00:10]} 6. h3 {[%emt 0:00:15]} Bh5 {[%emt 0:00:07]} 7. Qe2+ {[%emt 0:00:17]} Qe7 {[%emt 0:04:20]} 8. Qxe7+ {[%emt 0:00:15]} Bxe7 {[%emt 0:00:06]} 9. Ne5 {[%emt 0:00:12]} Bg6 {[%emt 0:00:17]} 10. Nxg6 {[%emt 0:00:24]} hxg6 {[%emt 0:00:10]} 11. Bf4 {[%emt 0:00:06]} Kd7 {[%emt 0:01:30]} 12. Nd2 {[%emt 0:00:13]} Bd6 {[%emt 0:00:05]} 13. Bxd6 {[%emt 0:00:12]} Kxd6 {[%emt 0:00:06]} 14. O-O-O {[%emt 0:00:16]} Nbd7 {[%emt 0:00:11]} 15. Rde1 {[%emt 0:00:16]} Rae8 {[%emt 0:00:33]} 1/2-1/2